| 000 | 00542nam a2200169 i 4500 | ||
|---|---|---|---|
| 001 | 77271 | ||
| 003 | ES-MaACL | ||
| 005 | 20230906173136.0 | ||
| 007 | t| | ||
| 008 | 041007s1994 sp ||||1| spa d | ||
| 100 | 1 |
_aGutierrez Nieto, Juan Ignacio. _961197 |
|
| 245 | 1 | 4 |
_aLos conversos y el movimiento comunero / _cJuan Ignacio Gutiérrez Nieto. |
| 260 |
_aMadri : _bInstituto Jerónimo Zurita, _c1964. |
||
| 300 |
_a27 p. ; _c24 cm. |
||
| 500 | _aEs separata de: Hispania. T. XXIV, pág. 237-261. | ||
| 852 |
_aES-MaACL _j2039-F-13 _bR.54905 |
||
| 999 |
_c77271 _d77271 |
||